000 00665nam a2200241 a 4500
005 20210219152900.0
008 991125n 000 0 u
035 _aUPN01000065026
100 _aSchultz, Robert A.
222 _aNASPA JOURNAL
245 _aAssessing a short-term intervention to facilitate academic success / [et al.]
300 _a43-50
362 _a30, No. 1, 1992
505 _aMarzo 1993
653 0 _aEJECUCION DE PROGRAMAS
653 0 _aFRACASO ACADEMICO
653 0 _aRENDIMIENTO ACADEMICO
653 0 _aSUSPENSION
700 _aDickman, Marcia M.
700 _aCampbell, N. Jo
904 _aAC
_b002837
905 _aArticulo
999 _c62875
_d62875